[Event "Hessen-chB"]
[Site "Marburg"]
[Date "2006.04.13"]
[Round "1.20"]
[White "Kitzler, Manfred"]
[Black "Libuda, Thomas"]
[Result "0-1"]
[WhiteElo "1459"]
[BlackElo "2026"]
[PlyCount "46"]
[EventDate "2006.04.13"]
[EventType "swiss"]
[EventRounds "7"]
[EventCountry "GER"]
[SourceTitle "EXT 2007"]
[Source "ChessBase"]
[SourceDate "2006.11.23"]
[SourceVersion "1"]
[SourceVersionDate "2006.11.23"]
[SourceQuality "1"]

1. c4 g6 2. Nc3 Bg7 3. g3 d6 4. Bg2 e5 5. e3 Nc6 6. Nf3 f5 7. d3 Nf6 8. 0-0 0-0 9. Rb1 Be6 10. Ng5 Bd7 11. f4 h6 12. Nf3 Rb8 13. h3 Kh7 14. Bd2 Nb4 15. Be1 Nxd3 16. Qxd3 e4 17. Qe2 exf3 18. Bxf3 c6 19. Kh1 Qc7 20. Rg1 b5 21. cxb5 cxb5 22. Rc1 Qa5 23. Rg2 b4 0-1